MARC details
| 000 -LEADER |
| fixed length control field |
01880cam a22004337a 4500 |
| 001 - CONTROL NUMBER |
| control field |
15668487 |
| 003 - CONTROL NUMBER IDENTIFIER |
| control field |
OSt |
| 005 - DATE AND TIME OF LATEST TRANSACTION |
| control field |
20140310181628.0 |
| 008 - FIXED-LENGTH DATA ELEMENTS--GENERAL INFORMATION |
| fixed length control field |
090320s2008 nyua j 000 0 eng |
| 010 ## - LIBRARY OF CONGRESS CONTROL NUMBER |
| LC control number |
2009277659 |
| 015 ## - NATIONAL BIBLIOGRAPHY NUMBER |
| National bibliography number |
GBA799404 |
| Source |
bnb |
| 016 7# - NATIONAL BIBLIOGRAPHIC AGENCY CONTROL NUMBER |
| Record control number |
014464023 |
| Source |
Uk |
| 020 ## - INTERNATIONAL STANDARD BOOK NUMBER |
| International Standard Book Number |
9780439918664 (hbk.) |
| 020 ## - INTERNATIONAL STANDARD BOOK NUMBER |
| International Standard Book Number |
0439918669 (hbk.) |
| 035 ## - SYSTEM CONTROL NUMBER |
| System control number |
(OCoLC)ocn183147742 |
| 040 ## - CATALOGING SOURCE |
| Original cataloging agency |
UKM |
| Transcribing agency |
UKM |
| Modifying agency |
BAKER |
| -- |
ZS3 |
| -- |
UPZ |
| -- |
BTCTA |
| -- |
OCLCG |
| -- |
VP@ |
| -- |
EHH |
| -- |
DLC |
| 042 ## - AUTHENTICATION CODE |
| Authentication code |
lccopycat |
| 050 00 - LIBRARY OF CONGRESS CALL NUMBER |
| Classification number |
TA 405 |
| Item number |
.H654 2008 |
| 082 04 - DEWEY DECIMAL CLASSIFICATION NUMBER |
| Classification number |
REF 620.112 |
| Item number |
H55 2008 |
| 100 1# - MAIN ENTRY--PERSONAL NAME |
| Personal name |
Hillman, Ben, |
| Dates associated with a name |
1957- |
| 245 10 - TITLE STATEMENT |
| Title |
How strong is it? : |
| Remainder of title |
a mighty book all about strength / |
| Statement of responsibility, etc |
Ben Hillman. |
| 260 ## - PUBLICATION, DISTRIBUTION, ETC. (IMPRINT) |
| Place of publication, distribution, etc |
New York : |
| Name of publisher, distributor, etc |
Scholastic ; |
| Place of publication, distribution, etc |
Enfield : |
| Name of publisher, distributor, etc |
Ragged Bears [distributor], |
| Date of publication, distribution, etc |
c2008. |
| 300 ## - PHYSICAL DESCRIPTION |
| Extent |
48 p. : |
| Other physical details |
col. ill. ; |
| Dimensions |
30 cm. |
| 440 #0 - SERIES STATEMENT/ADDED ENTRY--TITLE |
| Title |
What's the big idea? |
| 520 ## - SUMMARY, ETC. |
| Summary, etc |
Presents a visual guide to items and animals of various strength and substance, including such examples as spider webs, bulldozers, black holes, lasers, icebreakers, and the Hercules beetle. |
| 520 ## - SUMMARY, ETC. |
| Summary, etc |
1. Strength of materials--Miscellanea--Juvenile literature 2. Presents a visual guide to items and creatures of various strength and substance, including such examples as spider webs, bulldozers, black holes, lasers, icebreakers, and the Hercules beetle. |
| 521 ## - TARGET AUDIENCE NOTE |
| Target audience note |
|
| 541 ## - IMMEDIATE SOURCE OF ACQUISITION NOTE |
| -- |
1 |
| 562 ## - COPY AND VERSION IDENTIFICATION NOTE |
| Number of copies |
For circulation. 1 copy in the colection |
| 650 #0 - SUBJECT ADDED ENTRY--TOPICAL TERM |
| Topical term or geographic name as entry element |
Strength of materials |
| Form subdivision |
Miscellanea |
| -- |
Juvenile literature. |
| 650 #1 - SUBJECT ADDED ENTRY--TOPICAL TERM |
| Topical term or geographic name as entry element |
Strength of materials. |
| 650 #7 - SUBJECT ADDED ENTRY--TOPICAL TERM |
| Topical term or geographic name as entry element |
Mechanics. |
| Source of heading or term |
sears |
| 650 #7 - SUBJECT ADDED ENTRY--TOPICAL TERM |
| Topical term or geographic name as entry element |
Strength of materials. |
| Source of heading or term |
sears |
| 650 #7 - SUBJECT ADDED ENTRY--TOPICAL TERM |
| Topical term or geographic name as entry element |
Muscles. |
| Source of heading or term |
sears |
| 650 #7 - SUBJECT ADDED ENTRY--TOPICAL TERM |
| Topical term or geographic name as entry element |
Force and energy. |
| Source of heading or term |
sears |
| 906 ## - LOCAL DATA ELEMENT F, LDF (RLIN) |
| a |
7 |
| b |
cbc |
| c |
copycat |
| d |
2 |
| e |
ncip |
| f |
20 |
| g |
y-gencatlg |
| 942 ## - ADDED ENTRY ELEMENTS (KOHA) |
| Source of classification or shelving scheme |
Library of Congress Classification |
| Koha item type |
|
| Call number prefix |
|